Statistiques concernant Quiz Harry Potter ( choix multiples )

Cliquez ici pour prendre le quiz!

Statistiques générales

  • Ce quiz a été pris 3 522 fois
    (3 339 depuis la dernière actualisation)
  • Le résultat moyen est 14 sur 16

Statistiques - réponses

QuestionRéponse% Correct
ConciergeArgus Rusard
99%
Professeure de métamorphoseMinerva McGonagall
98%
InfirmièrePoppy Pomfresh
98%
Professeur de soins aux créatures magiquesRubeus Hagrid
98%
Personnage principalHarry Potter
96%
Professeure de volRenée Bibine
96%
Professeure de botaniquePomona Chourave
95%
Professeur de défense contre les forces du mal ( 1ère année )Quirinus Quirell
95%
Professeur de défense contre les forces du mal ( 2ème année )Gilderoy Lockhart
93%
Professeur de sortilègesFilius Flitwick
91%
Professeur de défense contre les forces du mal ( 3ème année )Remus Lupin
91%
Professeur de défense contre les forces du mal ( 6ème année )Severus Rogue
90%
Professeur de défense contre les forces du mal ( 4ème année )Alastor Maugrey
89%
Professeur de défense contre les forces du mal ( 5ème année )Dolores Ombrage
89%
Professeur de défense contre les forces du mal ( 7ème année )Amycus Carrow
57%
En moyenne, un film d'Harry Potter dure combien de temps ?2 h 30
48%

Distribution des résultats

Percentile par nombre de réponses

% des personnes avec chaque résultat

Votre développement - résultats

Vous n’avez pas pris ce quiz depuis la dernière actualisation